| 000 | 00000nam##2200000za#4500 |
| 001 | 9.676259 |
| 003 | CaOODSP |
| 005 | 20210624225728 |
| 007 | cr ||||||||||| |
| 008 | 150407|1994||||xxc|||||o f|0| 0 eng|d |
| 040 | |aCaOODSP|beng |
| 041 | |aeng |
| 041 | |afre |
| 043 | |an-cn--- |
| 086 | 1 |aCS95-368/1994-PDF |
| 245 | 00|aProfile of census tracts in Regina and Saskatoon - part B |h[electronic resource] |
| 260 | |aOttawa - Ontario : |bStatistics Canada |c1994. |
| 500 | |aHistorical census publication digitized by Statistics Canada. |
| 590 | |a13-04-Supp|b2013-02-13 |
| 690 | 07|aCensus|2gcpds |
| 710 | 2 |aStatistics Canada. |
| 792 | |tProfil des secteurs de recensement de Regina et Saskatoon - partie B |efre|w(CaOODSP)9.676260 |
| 856 | 40|ahttp://publications.gc.ca|qPDF|s7.1 MB|uhttps://publications.gc.ca/collections/collection_2013/statcan/rh-hc/CS95-368-1994.pdf |